| 000 | 00556nam a2200181Ia 4500 | ||
|---|---|---|---|
| 003 | GCL | ||
| 008 | 140319s9999 xx 000 0 ara d | ||
| 040 |
_aGCL / _cGCL |
||
| 082 | 0 | 4 |
_a320.1 _bم ف |
| 100 | 1 | _aمحمد عبدالمعز نصر | |
| 245 | 1 | 0 |
_aفى النظريات والنظم السياسية / _cمحمد عبدالمعز نصر |
| 260 |
_a[S.N] : _bدار النهضة العربية ، _c1981 |
||
| 300 | _a552 ص | ||
| 490 | _a | ||
| 650 | 0 | 4 | _aالسياسة - نظريات |
| 650 | 0 | 4 | _aالسياسة - نظم |
| 942 |
_2ddc _cBK |
||
| 999 |
_c37467 _d37467 |
||